000 00535nam a22001937a 4500
003 NUST - PNEC
005 20170116181031.0
008 150919b xxu||||| |||| 00| 0 eng d
020 _a9788131719534
020 _a9780130494924
040 _cLIBRARY
082 _a621.382 TOM
100 _911067
_aTomasi, Wayne
245 _aElectronic communications systems : fundamentals through advanced
_cWayne Thomasi
250 _aFifth Edition
260 _cc.2009
650 _911070
_aTelecommunication systems
_xEL
942 _2ddc
_cBK
999 _c67725
_d67725